000 00514nam a2200181Ia 4500
008 090123s9999 xx 000 0 und d
082 _b25402
_a891.463/ओक
100 _aओक जनार्दन
245 _aदि सेव्ह
250 _a1
260 _bसत्यजय प्रकाशन
300 _a164
600 _aओक जनार्दन
630 _aदि सेव्ह
700 _aओक जनार्दन
730 _aदि सेव्ह
942 _cBOOK
999 _c63473
_d63473